00418nam a22001457a 450000500170000000800410001702000280005804100120008608200120009810000120011024500410012226000550016330000290021865000250024720241126065544.0241126b |||||||| |||| 00| 0 eng d a0409004391 ; 0409004405 aEnglish a349 JOU lEnglish aThe Law of South Africa / cJA Faris aDurban: bButterworth Publishers (Pty) Ltd, c1998 bix, 999 pages; c25 cm.  aLegal practice bLaw